<?xml version="1.0" encoding="UTF-8"?>
<record
    xmlns:xsi="http://www.w3.org/2001/XMLSchema-instance"
    xsi:schemaLocation="http://www.loc.gov/MARC21/slim http://www.loc.gov/standards/marcxml/schema/MARC21slim.xsd"
    xmlns="http://www.loc.gov/MARC21/slim">

  <leader>00394nam a2200157Ia 4500</leader>
  <controlfield tag="008">230718s9999    xx            000 0 und d</controlfield>
  <datafield tag="041" ind1=" " ind2=" ">
    <subfield code="a">eng</subfield>
  </datafield>
  <datafield tag="082" ind1=" " ind2=" ">
    <subfield code="a">621.382'2</subfield>
    <subfield code="b">BAB</subfield>
  </datafield>
  <datafield tag="100" ind1=" " ind2=" ">
    <subfield code="a">Babu P.R.</subfield>
  </datafield>
  <datafield tag="245" ind1=" " ind2=" ">
    <subfield code="a">Signals And Systems</subfield>
  </datafield>
  <datafield tag="250" ind1=" " ind2=" ">
    <subfield code="a">3rd ed.</subfield>
  </datafield>
  <datafield tag="260" ind1=" " ind2=" ">
    <subfield code="b">Scitech Publication</subfield>
  </datafield>
  <datafield tag="365" ind1=" " ind2=" ">
    <subfield code="c">Rs.</subfield>
    <subfield code="b">295.00</subfield>
  </datafield>
  <datafield tag="700" ind1=" " ind2=" ">
    <subfield code="a">Babu P.R. &amp; Natarajan R.A.</subfield>
  </datafield>
  <datafield tag="906" ind1=" " ind2=" ">
    <subfield code="d">B:254316-Nov-2007</subfield>
    <subfield code="c">ETC </subfield>
  </datafield>
  <datafield tag="999" ind1=" " ind2=" ">
    <subfield code="c">317755</subfield>
    <subfield code="d">317755</subfield>
  </datafield>
  <datafield tag="952" ind1=" " ind2=" ">
    <subfield code="0">0</subfield>
    <subfield code="1">0</subfield>
    <subfield code="4">0</subfield>
    <subfield code="7">0</subfield>
    <subfield code="a">CCEP</subfield>
    <subfield code="b">CCEP</subfield>
    <subfield code="d">2007-11-19</subfield>
    <subfield code="e">Tbs</subfield>
    <subfield code="f">ETC </subfield>
    <subfield code="g">295.00</subfield>
    <subfield code="i">2543</subfield>
    <subfield code="l">7</subfield>
    <subfield code="o">621.382'2</subfield>
    <subfield code="p">CCEP-BK-28962</subfield>
    <subfield code="r">2023-12-19 00:00:00</subfield>
    <subfield code="s">2023-12-01</subfield>
    <subfield code="v">295.00</subfield>
    <subfield code="w">2007-11-16</subfield>
    <subfield code="y">BK</subfield>
    <subfield code="z">028962</subfield>
  </datafield>
</record>
